Pilgrim circuit rider. (Record no. 10539)

000 -LEADER
fixed length control field 00549nam a2200181 a 4500
001 - CONTROL NUMBER
control field :::00008328$&:&@@
003 - CONTROL NUMBER IDENTIFIER
control field OkBaRHE
005 - DATE AND TIME OF LATEST TRANSACTION
control field 20000607103343.0
008 - FIXED-LENGTH DATA ELEMENTS--GENERAL INFORMATION
fixed length control field s1960 j 000 0 eng u
040 ## - CATALOGING SOURCE
Transcribing agency
100 1# - MAIN ENTRY--PERSONAL NAME
Personal name Anderson, Leila W. and Dexter, Harriet Harmon.
245 10 - TITLE STATEMENT
Title Pilgrim circuit rider.
260 ## - PUBLICATION, DISTRIBUTION, ETC. (IMPRINT)
Place of publication, distribution, etc New York, NY., :
Name of publisher, distributor, etc Harper and Brothers
Date of publication, distribution, etc 1960
300 ## - PHYSICAL DESCRIPTION
Extent 200 p.
650 ## - SUBJECT ADDED ENTRY--TOPICAL TERM
Topical term or geographic name as entry element Evangelistic Work
942 ## - ADDED ENTRY ELEMENTS (KOHA)
Source of classification or shelving scheme
Koha item type Books
Copies
Price effective from Date acquired Source of classification or shelving scheme Damaged status Full call number Barcode Lost status Not for loan Withdrawn status Copy number Date last seen Koha item type Permanent Location Shelving location
2010-04-142010-04-14  BV 3790 .A58328   12010-04-14BooksRHEMA Bible Training CollegeGeneral Stacks